Podnetné a výrazné

Bibliographic Details
Main Author: Mikola, Marián, 1934- (Author)
Format: Article
Language:Slovak
Subjects:

MARC

LEADER 00000nab a2200000 ar4500
001 vtls009475633
003 SK-MaSNL
005 20260303053815.0
008 090220c19740622xo |r|p|||||||000 b|slo
015 |a SNBRB1974 
038 |a SNKBUCL 
040 |a SNKBUCL  |b slo  |c SNKBUCL  |e AACR2 
041 |a slo 
044 |a xo  |c SK 
080 |a 792.079:792.077(437.6)  |2 1997 
080 |a 792.077  |2 1997 
100 1 |a Mikola, Marián,  |d 1934-  |4 aut  |9 6145 
245 1 0 |a Podnetné a výrazné  |c Marián Mikola 
611 2 7 |a Divadelná Spišská Nová Ves (Spišská Nová Ves, Slovensko)  |2 snkbucl  |9 32091 
651 7 |a Spišská Nová Ves (Slovensko)  |2 snkbucl  |9 28800 
773 0 |t Pravda  |g (22.6.1974), s. 5 
852 |a SNK  |b KIS3GCP 
958 |a SK 
999 |c 1720749  |d 1722679